[Event "Stay Safe Play From Home 142"]
[Site "T#645977Emanuel Laske"]
[Date "2020.05.12"]
[Round "1"]
[White "Onlyforchess"]
[Black "Lazieri3"]
[Result "1-0"]
[WhiteElo "2529"]
[BlackElo "2057"]
[Annotator "TA"]
[PlyCount "37"]
[EventDate "2020.05.12"]
[EventType "swiss (blitz)"]

{[%evp 13,36,0,0,-8,76,79,1047,1043,1043,810,1700,758,757,744,1390,1332,1253,1079,1016,508,29997,29998,29998,29999,29999]} 1. e4 c6 2. d4 d5 3. exd5 cxd5 4. c4 Nc6 5. Nc3 Nf6 6. Nf3 Bg4 7. cxd5 Nxd5 8. Bc4 {B13: Caro-Kann: Exchange Variation and Panov-Botvinnik Attack.} Bxf3 (8... e6 $11) 9. Qxf3 $16 {[#]} Nxc3 $146 {[%mdl 8192]} (9... e6 $16) ({Predecessor:} 9... Nxd4 10. Qxd5 Qxd5 11. Nxd5 Rc8 12. Ne3 Rxc4 13. Nxc4 Nc2+ 14. Kd1 Nxa1 15. Be3 b6 16. Kc1 h5 17. Kb1 Nb3 18. axb3 h4 19. Rc1 h3 20. Ne5 f6 21. Rc8# {1-0 (21) Newey,R (1747)-Poler,S (1391) San Francisco 2014}) 10. Qxf7+ $18 {White is clearly winning.} ({Not} 10. bxc3 e6 $16) 10... Kd7 11. bxc3 {[#] aiming for Be6+.} Kc8 12. Bf4 (12. Be6+ $142 Kc7 13. Bf4+ Qd6 14. Bxd6+ Kxd6 15. Rb1) 12... e5 13. dxe5 Qe7 14. Qf5+ Kd8 15. Rd1+ Ke8 16. e6 {[#] White wants to mate with Qf7+.} Rd8 (16... Qf6 $18 17. Qh5+ g6) 17. Qf7+ {White mates.} Qxf7 18. exf7+ Ke7 19. Bg5# {[%mdl 64] Skewer. Black got outplayed after the opening. Accuracy: White = 55%, Black = 23%.} 1-0

[Event "Stay Safe Play From Home 142"]
[Site "T#645977Emanuel Laske"]
[Date "2020.05.12"]
[Round "1"]
[White "Rohit2007"]
[Black "Nagaram"]
[Result "1-0"]
[WhiteElo "2225"]
[BlackElo "1482"]
[Annotator "TA"]
[PlyCount "45"]
[EventDate "2020.05.12"]
[EventType "swiss (blitz)"]

{[%evp 9,45,-4,33,25,58,24,25,24,54,30,226,151,171,144,254,259,418,343,643,639,814,759,1231,1228,1201,1046,1037,1031,1297,1283,1800,1797,2477,2296,5647,5647,29986,29987]} 1. g3 Nf6 2. Bg2 d5 3. Nf3 Nc6 4. O-O e5 5. d4 e4 6. Ne5 {A07: Réti Opening: New York and Capablanca Systems.} Be6 {[#]} 7. Nxc6 $146 (7. c4 $5) ({Predecessor:} 7. Nc3 Bd6 8. Bf4 O-O 9. e3 Re8 10. f3 Bf5 11. fxe4 dxe4 12. Bg5 Bg6 13. Nxe4 {0-1 (35) Garcia de la Cruz,E-Nuez Vostokov,M (1376) Las Palmas 2015}) 7... bxc6 {[#]} 8. c4 $1 {[%mdl 512] White has an edge.} Bd6 (8... dxc4 9. Nc3) 9. Bg5 c5 $2 {This move loses the game for Black.} (9... h6 $11 10. Bc1 O-O) 10. dxc5 Bxc5 11. cxd5 Bxd5 (11... Qxd5 $16 {was worth a try.} 12. Bxf6 Qxd1 13. Rxd1 gxf6) 12. Nc3 $18 {[%cal Bb1c3,Bc3e4,Be4c5][%mdl 32]} Be6 $2 (12... c6 13. Bxf6 gxf6) 13. Bxf6 Qxf6 $2 (13... gxf6 14. Nxe4 Be7) 14. Nxe4 {[%mdl 64] [#] Double Attack} Qxb2 {intending ...Rd8.} 15. Nxc5 Qf6 16. Bxa8 O-O 17. Bc6 Bh3 18. Bg2 Bf5 19. e4 Bg4 20. Qxg4 Qh6 21. e5 Qg6 22. Qxg6 fxg6 23. e6 {Accuracy: White = 53%, Black =  0%.} 1-0

[Event "Stay Safe Play From Home 142"]
[Site "T#645977Emanuel Laske"]
[Date "2020.05.12"]
[Round "1"]
[White "Little champs"]
[Black "Trotsky"]
[Result "1-0"]
[WhiteElo "2194"]
[BlackElo "1595"]
[Annotator "TA"]
[PlyCount "67"]
[EventDate "2020.05.12"]
[EventType "swiss (blitz)"]

{[%evp 11,67,3,24,17,58,38,181,180,260,262,348,311,445,447,668,671,814,383,379,371,348,305,320,314,298,320,388,372,418,331,340,296,302,291,302,299,484,477,660,648,747,729,896,866,1000,933,925,921,4856,3588,29993,2672,29994,29989,29995,1142,29999,4882]} 1. d4 d5 2. e3 e6 3. Nf3 c5 4. Be2 Nc6 5. O-O Nf6 6. b3 Bd6 7. Bb2 {D05: Colle System with ...e6.} Qc7 8. c4 {[#]} Ng4 $146 ({Better is} 8... cxd4 $14 9. exd4 O-O) ({Predecessor:} 8... cxd4 9. exd4 O-O 10. Nc3 a6 11. c5 Be7 12. Rc1 Rd8 13. Bd3 e5 14. dxe5 Ne4 {½-½ (32) Haborak,K (2095)-Balazs,L (2091) Slovakia 2018}) 9. h3 $18 {White is clearly better.} h5 (9... Nh2 {is a better defense.}) 10. dxc5 Bh2+ 11. Kh1 Bd7 (11... Be5 $142) 12. cxd5 (12. hxg4 $2 hxg4 13. Bxg7 Rh7 $19) 12... Nce5 (12... exd5 $142 13. Bxg7 (13. hxg4 $2 hxg4 14. Bxg7 Rh5 $19) 13... Rh7) 13. d6 Qd8 14. Nxe5 (14. Nxh2 $142 Nxh2 15. Kxh2) 14... Bxe5 15. Bxe5 Nxe5 16. f4 (16. Bxh5 Qh4 $16) 16... Ng4 17. Bxg4 ({Weaker is} 17. hxg4 hxg4+ 18. Kg1 Rh1+ 19. Kf2 (19. Kxh1 {leads to mate.} Qh4+ 20. Kg1 g3 21. Rf3 Qh2+ 22. Kf1 Qh1#) 19... Qh4+ 20. g3 Qh2+ 21. Ke1 Qxg3+ 22. Kd2 Rh3 $16) 17... hxg4 18. Qxg4 Qf6 19. Nd2 {[%cal Bb1d2,Bd2e4,Be4c3,Bc3d5,Bd5f4][%mdl 32]} O-O-O 20. Ne4 Qh6 {intending ...f5.} 21. Qg5 Qh7 22. Nc3 f6 23. Qg3 e5 $2 {[#]} (23... g5 24. fxg5 fxg5) 24. fxe5 f5 25. Rac1 g5 26. Nd5 f4 27. exf4 gxf4 28. Nxf4 Rdg8 29. Qe3 Qh4 30. c6 bxc6 31. e6 (31. Qxa7 $142 Kd8 32. Qb8+ Bc8 33. Ne6+ Kd7 34. Nc5+ Ke8 35. Qxc8+ {[%mdl 64] Double Attack} Qd8 36. Qxc6+ Qd7 37. Qxd7#) 31... Rg3 32. exd7+ Kxd7 33. Qe7+ (33. Qxa7+ $142 Ke8 34. Rce1+ Re3 35. Rxe3+ Kf8 36. Nh5+ Kg8 37. Qg7#) 33... Kc8 34. Qxh4 {White took control after the opening. Accuracy: White = 62%, Black = 15%.} (34. Qc7# $142) 1-0

[Event "Stay Safe Play From Home 142"]
[Site "T#645977Emanuel Laske"]
[Date "2020.05.12"]
[Round "1"]
[White "Haxhi Baha"]
[Black "Mepe_Nika"]
[Result "1-0"]
[WhiteElo "1985"]
[BlackElo "2405"]
[Annotator "TA"]
[PlyCount "91"]
[EventDate "2020.05.12"]
[EventType "swiss (blitz)"]

{[%evp 16,90,6,-24,5,-33,-22,-17,39,8,0,1,45,0,52,42,291,107,561,550,558,531,646,653,652,643,558,331,287,236,252,72,69,0,378,380,1213,1209,29983,29984,29984,29985,29985,29986,29983,1443,1326,1327,12718,5057,29987,29966,1283,1176,29989,29990,29990,29990,29989,29989,29994,29992,29993,29994,29995,29994,29994,29994,29994,29995,29996,29997,29997,29998,29998,29999,29999]} 1. e4 c5 2. Nf3 Nc6 3. d4 cxd4 4. Nxd4 g6 5. Nc3 Bg7 6. Be3 Nf6 7. Be2 O-O 8. Nb3 d6 9. g4 Be6 {B72: Sicilian Dragon: 6 Be3, lines with h3+Bc4 and sidelines.} 10. g5 Nd7 11. h4 Na5 {[#]} (11... Nb6 $11) 12. Qd2 $146 ({Predecessor:} 12. Bd4 Nxb3 13. axb3 Bxd4 14. Qxd4 Qb6 15. Qxb6 Nxb6 16. Nb5 Rfc8 17. c4 a6 18. Nd4 {1-0 (60) Franck,R-Boettger,R Germany 1995}) 12... Nc4 13. Bxc4 $1 {[#] Hoping for Be2.} Bxc4 14. h5 Rc8 ({Black should play} 14... Ne5 $11 15. Nd4 Qa5) 15. f4 Nb6 $2 (15... Bxc3 $14 16. bxc3 e5) 16. hxg6 $2 (16. Qh2 $18) 16... hxg6 $2 {[%mdl 8192]} (16... fxg6 $16 {is a better chance.} 17. Qh2 Bxc3+ 18. bxc3 Rf7) 17. Qh2 $18 {[%csl Gh1][%cal Rh2h7] [#]} Re8 18. f5 Bxb3 19. axb3 Rxc3 20. bxc3 Qc7 21. Bd4 Bxd4 22. cxd4 $40 {[%csl Gh1][%cal Rh2h8][%mdl 128] White has strong attack.} Qc3+ 23. Ke2 $2 (23. Kf1 $18 {[%csl Gh1][%cal Rh2h8] is more deadly.} Qf3+ 24. Kg1 Qe3+ 25. Qf2 Qxe4 26. fxg6 (26. Rxa7 Qg4+ {[%mdl 64] Double Attack} 27. Qg2 Qxd4+ 28. Qf2 Qg4+ 29. Kf1 Qd1+ 30. Kg2 Qg4+ {[%mdl 64] Double Attack} 31. Kf1 Rc8 $11) 26... Qxg6 27. Rh2 (27. Rxa7 Qxg5+ 28. Kf1 Qc1+ 29. Kg2 Qg5+ 30. Kf1 Qc1+ 31. Kg2 Qg5+ 32. Qg3 Qxg3+ 33. Kxg3 Rb8 $18)) 23... Qxc2+ $16 24. Ke3 ({White should try} 24. Kf1 $1 $14 Qd3+ 25. Qe2 Qxd4 26. Rd1 (26. Rxa7 gxf5 27. Qh5 Qd3+ 28. Kg1 Qe3+ 29. Kf1 Qf4+ 30. Kg1 Qc1+ 31. Kg2 Qd2+ 32. Kf1 Qf4+ 33. Kg1 Qc1+ 34. Kg2 Qd2+ 35. Kf1 Qf4+ $11)) 24... Qxh2 $4 {[%mdl 8192] White leaves nothing to chance now.} (24... Qc3+ $1 $11 {and Black is okay.} 25. Ke2 Qb2+ 26. Kf3 Qc3+ 27. Kg2 Qb2+ 28. Kg3 Qc3+ 29. Kg4 gxf5+ 30. exf5 Qxd4+ 31. Qf4 Qb2) 25. Rxh2 $11 {[%mdl 4096] Endgame White threatens Rah1 and mate. KRR-KRN} f6 $2 (25... gxf5 26. exf5 Kg7 27. Rxa7 e6 28. Rxb7 exf5+ 29. Kd2 Nd5) 26. Rah1 $18 {White wants to mate with Rh8+.} fxg5 27. Rh8+ Kf7 28. R1h7+ Kf6 29. Rxe8 {[%cal Re8f8]} gxf5 30. exf5 (30. Rexe7 $142 fxe4 31. Kxe4 a5 32. Rxb7 Kg6 33. Rhg7+ Kf6 34. Rh7 Kg6 35. Rhg7+ Kf6 36. d5) 30... Kxf5 31. Rhxe7 Kg4 32. Re4+ Kf5 33. Rg8 Nd5+ 34. Kd3 Nc3 35. Rf8+ {White mates.} Kg6 36. Kxc3 Kg7 37. Rb8 d5 38. Rxb7+ Kg6 39. Re5 Kh5 40. Rxd5 Kh4 41. Rxa7 g4 42. Rg7 g3 43. Rdg5 g2 44. Rxg2 {[%cal Rg7h7]} Kh3 45. R2g6 {[%cal Rg7h7]} Kh2 46. Rh6# {Accuracy: White = 48%, Black = 31%.} 1-0

[Event "Stay Safe Play From Home 142"]
[Site "T#645977Emanuel Laske"]
[Date "2020.05.12"]
[Round "1"]
[White "CastlingArrocco"]
[Black "SoulofWolf"]
[Result "0-1"]
[WhiteElo "1982"]
[BlackElo "2168"]
[Annotator "TA"]
[PlyCount "130"]
[EventDate "2020.05.12"]
[EventType "swiss (blitz)"]

{[%evp 9,130,17,83,-152,168,21,30,29,39,34,35,-12,-12,-21,-3,-25,-4,-25,-31,-25,31,-18,14,6,144,0,30,29,22,-53,-50,-108,264,199,419,398,724,247,634,33,137,0,48,-38,941,933,1410,1359,1394,1407,1852,1243,29991,29991,29995,29994,29994,29995,29996,29994,29994,29991,29996,29995,29997,29996,29996,29997,29997,29988,29988,29969,29992,29964,29991,29992,29993,29993,29994,727,29996,29959,29960,6079,5265,0,6170,4132,29978,1512,29996,29997,29997,5214,5214,1252,6009,-29978,-29979,-29977,-29978,-29971,-2367,-10831,-6436,-29973,-29974,-29982,-29983,-29983,-29983,-29986,-29986,-29989,-29990,-29991,-29992,-29992,-29993,-29993,-29994,-29998,-29996]} 1. d4 e6 2. e3 c6 3. f4 d5 4. Nf3 Nd7 5. Bd3 {[#]} f6 $146 (5... Ngf6 $11) ({Predecessor:} 5... Bd6 6. Nbd2 f5 7. c4 Ngf6 8. c5 Bc7 9. a4 O-O 10. O-O Ne4 11. Ne5 Ndf6 {1-0 (21) Fink,W (1611)-Berg,N (1141) Trier 2016}) 6. Ne5 $2 {A40: Unusual replies to 1 d4.} (6. e4 $16) 6... Ne7 $2 (6... fxe5 $17 {stays on course.} 7. Qh5+ g6 8. Bxg6+ hxg6 9. Qxh8 Nh6 10. fxe5 Qh4+ 11. g3 Qh3) 7. Nxd7 (7. Qh5+ $18 g6 8. Nxg6 $1 {[%mdl 512]} Nxg6 9. Bxg6+ {[%mdl 64] Pin} Ke7 10. Bd2) 7... Bxd7 8. O-O {White has an edge.} g6 9. c4 Bg7 10. cxd5 exd5 11. Nc3 O-O 12. Qf3 Qc8 13. Bd2 Bg4 14. Qf2 h5 (14... Qd7 $11) 15. h3 Be6 16. Rae1 Nf5 (16... Bf7 $11) 17. Kh2 (17. g4 $16) 17... Kh7 18. e4 $36 {[%mdl 2048] White has some pressure.} dxe4 19. Bxe4 (19. Nxe4 $11 Bxa2 20. Rh1) 19... Qd7 $1 $15 20. g4 (20. Bxf5 $15 Bxf5 21. Rd1) 20... Nd6 $2 {[%mdl 8192]} (20... hxg4 $1 $17 {...g3+ is the strong threat.} 21. hxg4 Nh6 22. Bxg6+ {[%mdl 64] Remove Defender} Kxg6 23. f5+ Bxf5 $1 {[%mdl 512]} 24. gxf5+ Nxf5) 21. gxh5 Nxe4 $2 (21... Bf5 {was worth a try.} 22. hxg6+ Kxg6 23. Bxf5+ Qxf5) 22. Nxe4 $18 (22. hxg6+ Kxg6 23. Nxe4 Bxh3 $18) 22... gxh5 $2 (22... Bxh3 23. hxg6+ Kxg6) 23. Qh4 $2 (23. Nc5 Qf7 24. Nxe6) 23... Bf7 $2 (23... Bd5 24. Ng3 (24. Qxh5+ Kg8 $16) 24... Bh6 25. Nxh5 Qd6) 24. Qg3 $2 ({White should play} 24. Nxf6+ $18 Bxf6 25. Qxf6) 24... Qf5 (24... Bd5 $14) 25. Qf2 ({Don't do} 25. Rg1 $6 Bh6 $14) (25. Nd6 $16 Qd7 26. Bb4 (26. Rg1 Bh6 $16)) 25... Rad8 26. Ng3 ({White should try} 26. Bb4 $14) 26... Qg6 $2 {[%mdl 8192]} (26... Qb5 $15) 27. f5 Qh6 28. Bxh6 Bxh6 29. Qf3 h4 30. Nh5 Bd5 31. Re7+ Kg8 32. Rg1+ Kh8 33. Qg4 Bg8 34. Ng7 Rf7 {[#]} 35. Qg6 $3 Rxe7 36. Qxh6+ {[%mdl 64] Double Attack} Bh7 37. Nh5 Rg8 38. Rxg8+ Kxg8 39. Qxf6 Rf7 40. Qe6 Kf8 41. Nf6 Bg8 42. Nd7+ Kg7 43. Qg6+ Kh8 {[#]} 44. f6 (44. Nf8 $142 $1 Rg7 (44... Rxf8 45. Qh6+) 45. Qf6 $1 {[%mdl 512]} Bd5 46. Ng6+ {[%mdl 64] Double Attack} Kh7 47. Qxh4+ Kg8 48. Qh8+ Kf7 49. Qf8#) 44... Rh7 45. f7 Rxf7 46. Qh6+ (46. Nf6 $142 Rxf6 47. Qxf6+ {[%mdl 64] Double Attack} Kh7 48. Qxh4+ Kg7 49. Qe7+ Kg6 50. Qxb7 {[%mdl 64] Double Attack} Bd5 51. Qxa7) 46... Rh7 47. Qg6 $2 (47. Qf6+ $18 Rg7 48. Qxh4+ Rh7 49. Qf6+ Rg7 50. h4) 47... Rg7 $2 {[%mdl 8192]} (47... Rf7 $11 48. Nf6 Rxf6 49. Qxf6+ {[%mdl 64] Double Attack} Kh7 50. Qxh4+ Kg7 51. Qe7+ Kh6 52. Qf6+ Kh7) 48. Qf6 Kh7 49. Ne5 (49. Nf8+ $142 Kh8 50. Qxh4+ Bh7 {[#]} 51. Qf6 $1 {[%mdl 512]} Bg8 52. Qh6+ Bh7 53. Nxh7 Kg8 54. Ng5 Rxg5 55. Qxg5+ Kf7 56. h4) 49... Rg6 50. Nxg6 {[%cal Rg6f8]} Bf7 51. Qh8+ (51. Ne7 $142 Be8 52. Nf5 Bh5 53. Qg7#) 51... Kxg6 52. Qf8 Kf6 53. Qe7+ $4 {[%mdl 8192]} (53. Qd6+ $18 Be6 54. Qe5+ Kf7 55. Qc7+ Kf6 56. Qxb7) 53... Kxe7 {[%mdl 4096] Endgame KB-KP} 54. Kg2 Ke6 55. Kf3 Bh5+ (55... Kf5 $142 56. a3 Bd5+ 57. Ke3 Kg5 58. Ke2 Kf4 59. Kf2 b5 60. b4 Bf3 61. Ke1 Kg3 62. d5 cxd5 63. Kf1 Kxh3 64. Kf2 Kg4 65. Ke3 h3 66. Kd4 h2 67. a4 h1=Q 68. Ke5 Qh8+ 69. Ke6 d4 70. Ke7 d3 71. Kf7 d2 72. Ke7 Qg7+ 73. Ke6 d1=Q 74. axb5 Qdd7#) 56. Kf4 Kf6 57. Ke3 Bg6 {Black mates.} 58. Kd2 Bf5 59. Kc3 Kg5 60. d5 Bxh3 61. d6 Bd7 62. Kd4 h3 63. Ke5 h2 64. Kd4 h1=Q 65. Kc5 Qe1 {Quite a comeback for Black. Accuracy: White = 38%, Black = 35%.} 0-1

[Event "Stay Safe Play From Home 142"]
[Site "T#645977Emanuel Laske"]
[Date "2020.05.12"]
[Round "1"]
[White "matanant"]
[Black "Weltszmerc"]
[Result "0-1"]
[WhiteElo "1597"]
[BlackElo "2025"]
[Annotator "TA"]
[PlyCount "60"]
[EventDate "2020.05.12"]
[EventType "swiss (blitz)"]

{[%evp 16,60,25,15,14,0,22,8,14,0,0,-37,-29,-47,-43,-108,-58,-43,-54,-54,-55,-56,-23,-58,-46,-68,-50,-69,-82,-127,-95,-100,-97,-264,-274,-269,-245,-385,-299,-416,-253,-358,-346,-509,-301,-295,-291]} 1. e4 Nf6 2. e5 Nd5 3. c4 Nb6 4. d4 d6 5. exd6 cxd6 6. Nf3 g6 7. Nc3 Bg7 8. Be3 O-O 9. Be2 Nc6 {[%cal Bb8c6,Bc6e7,Be7f5,Bf5e3][%mdl 32] B04: Alekhine's Defence: 4 Nf3.} 10. b3 e5 11. d5 Ne7 {The position is equal.} 12. Rc1 Nf5 13. Qd2 Nxe3 {[#]} 14. Qxe3 $146 ({Predecessor:} 14. fxe3 f5 15. O-O g5 16. b4 g4 17. Ne1 Bd7 18. c5 Nc8 19. Nb5 a6 20. Na3 {0-1 (77) Pokee,A (1998)-Marceline,P (1880) Besancon 2006}) 14... f5 15. Qg5 ({Better is} 15. h4 $15) 15... Qf6 16. Qxf6 Bxf6 17. h4 e4 18. Ng5 Bd7 (18... h6 $5 {[%cal Rh6g5]} 19. Ne6 Bxe6 20. dxe6 Bxc3+ 21. Rxc3 Rae8 $15) 19. O-O Rac8 20. a4 a6 21. a5 Bxc3 22. axb6 Bd4 23. b4 Bxb6 24. c5 $2 {[#] This move loses the game for White.} (24. Rb1 $17) 24... dxc5 $19 25. bxc5 Bxc5 ({Much less strong is} 25... Rxc5 26. Rb1 $17) 26. Bc4 (26. Ne6 {keeps fighting.} Bxe6 27. dxe6) 26... Kg7 27. d6 {Black should prevent Be6.} Rfd8 28. Bd5 (28. Ne6+ {was necessary.} Bxe6 29. Bxe6) 28... b6 ({Not} 28... Bxd6 29. Rb1 $19) 29. Be6 (29. Rfe1 {was called for.}) 29... h6 30. Bxd7 Rxd7 {Accuracy: White = 33%, Black = 62%.} 0-1

[Event "Stay Safe Play From Home 142"]
[Site "T#645977Emanuel Laske"]
[Date "2020.05.12"]
[Round "2"]
[White "Little champs"]
[Black "Haxhi Baha"]
[Result "1-0"]
[WhiteElo "2195"]
[BlackElo "2016"]
[Annotator "TA"]
[PlyCount "85"]
[EventDate "2020.05.12"]
[EventType "swiss (blitz)"]

{[%evp 13,85,15,19,-16,-18,-16,-9,-45,-47,-54,-47,-97,139,132,362,353,345,335,349,203,457,364,349,202,396,406,384,372,386,316,428,389,401,312,364,317,735,745,714,747,738,700,880,881,948,927,1065,1023,1038,1015,1001,978,1069,1055,1031,914,885,869,945,997,1022,1021,1019,1022,1075,1047,1190,1172,1146,933,1112,1083,978,917]} 1. d4 d5 2. e3 e6 3. Nf3 Nf6 4. Be2 Nbd7 5. O-O Bd6 6. c4 c6 7. Nc3 O-O 8. Bd3 {D45: Semi-Slav: 5 e3.} dxc4 9. Bxc4 {[#]} e5 $146 ({Predecessor:} 9... b5 10. Bd3 Bb7 11. a3 a5 12. e4 e5 13. Bg5 h6 14. Bh4 Re8 15. Be2 exd4 16. Nxd4 {0-1 (32) Riddell,R (1293)-Bergh,E ICCF email 2018}) 10. e4 {The position is equal.} exd4 11. Qxd4 Qc7 12. Bg5 Rd8 $2 {[#]} (12... Ne5 $17 13. Bxf6 gxf6) 13. Rad1 $36 {[%mdl 2048] White is in control.} h6 $2 {This move loses the game for Black.} (13... Ne5 $16 14. Nxe5 Be6) 14. Qxd6 $18 Qxd6 15. Rxd6 hxg5 16. Nxg5 (16. e5 $142) 16... Kf8 $2 (16... Rf8 17. f4 Ne8) 17. Nxf7 Re8 18. Rfd1 (18. Ng5 $142) 18... Ne5 $2 (18... b5 {is a better defense.}) 19. Nxe5 Rxe5 20. f3 Ke7 21. R6d2 Be6 22. Bxe6 Kxe6 23. Ne2 Ra5 24. a3 {[%cal Ba2a3,Ba3a4][%mdl 32]} Rb5 $2 (24... Kf7 25. Ng3 g6) 25. Nd4+ {[%mdl 64] [#] Double Attack. White is clearly winning.} Ke5 26. Nxb5 cxb5 {[%mdl 4096] Endgame KRR-KRN} 27. Rc2 a5 28. Rc7 b4 29. a4 b3 30. Rxb7 Rc8 31. Rb5+ Ke6 32. Rxb3 Rc2 33. Rb5 Nd7 34. Rf1 Ne5 35. g3 Nd3 36. Rxa5 Rxb2 37. Rd5 Ne5 38. f4 Ng4 39. f5+ Kf6 40. Rd6+ Ke5 41. Re6+ Kd4 42. Rg6 Ne3 43. Rxg7 {Accuracy: White = 38%, Black = 26%.} 1-0

[Event "Stay Safe Play From Home 142"]
[Site "T#645977Emanuel Laske"]
[Date "2020.05.12"]
[Round "2"]
[White "SoulofWolf"]
[Black "Rohit2007"]
[Result "0-1"]
[WhiteElo "2177"]
[BlackElo "2225"]
[Annotator "TA"]
[PlyCount "76"]
[EventDate "2020.05.12"]
[EventType "swiss (blitz)"]

{[%evp 9,75,22,47,7,12,6,0,-17,29,-1,37,35,21,6,35,32,17,10,144,154,140,64,75,31,79,0,0,-85,-78,-107,-89,-134,-33,-302,10,3,17,-3,52,-54,-54,-87,-81,-1394,-1384,-1364,-1368,-1300,-1299,-1226,-852,-1694,-1699,-29992,-29989,-29995,-29996,-29997,-1670,-29998,-29995,-29995,-29992,-29992,-29993,-29993,-29994,-29999]} 1. c4 c5 2. Nc3 Nc6 3. e3 e6 4. d4 cxd4 5. exd4 d5 6. Be3 {A35: Symmetrical English: 2 Nc3 Nc6 3 Nf3.} dxc4 7. Bxc4 Nf6 8. Nge2 {[#] The position is equal.} Nd5 $146 ({Predecessor:} 8... a6 9. O-O b5 10. Bd3 Bb7 11. Rc1 Rc8 12. Ng3 Be7 13. Bb1 O-O {1-0 (45) Klabis,R (1961)-Miknevicius,L Klaipeda 2010}) 9. Rc1 Bb4 10. O-O O-O 11. a3 Bxc3 12. Nxc3 Nxe3 13. fxe3 e5 (13... Ne7 $11) 14. d5 $16 Ne7 15. Bd3 ({White should try} 15. Qd3 $16) 15... Ng6 16. Qc2 (16. Bxg6 $5 hxg6 17. d6 $16) 16... Qd6 17. e4 (17. Nb5 $16 Qd8 18. Qc3) 17... Nf4 $11 18. Nb5 (18. Ne2 $11 {keeps the balance.}) 18... Qb6+ $17 19. Kh1 Bd7 20. Nc3 Rac8 (20... Nxd3 $17 21. Qxd3 Qxb2) 21. g3 $2 {[%mdl 8192]} (21. Be2 $15) 21... Ng6 $2 (21... Nxd3 $19 22. Qxd3 Qxb2) 22. Qe2 Bh3 23. Rf2 f5 ({Better is} 23... Nh8 $11) 24. Rc2 (24. exf5 $14 Ne7 25. f6 Rxf6 26. Rxf6 Qxf6 27. Re1) 24... f4 $15 25. Qf3 fxg3 26. Qxf8+ $4 {[%mdl 8192]} (26. Qxg3 $17 Bd7 27. Rxf8+ Rxf8 28. Rg2) 26... Rxf8 $19 27. Rxf8+ Kxf8 28. hxg3 Qe3 29. Kh2 Bg4 30. Rg2 Qxd3 31. Na4 {[#]} Bf3 $1 32. Nc5 Qf1 {[%csl Gf3][%cal Rf1g2]} 33. Ne6+ {[#]} Kf7 (33... Kg8 $142 $1 34. Rg1 {[#]} Qe2+ $1 {[%mdl 576] Double Attack} 35. Kh3 Bg4#) 34. Rg1 Qf2+ {Black mates.} 35. Kh3 Qxg1 {[%cal Rg1h1]} 36. Ng5+ Kf6 {[%cal Rg1h1]} 37. Nxf3 Qh1+ 38. Kg4 h5# {What a bad dream for White. Accuracy: White = 24%, Black = 51%.} 0-1

[Event "Stay Safe Play From Home 142"]
[Site "T#645977Emanuel Laske"]
[Date "2020.05.12"]
[Round "2"]
[White "Lazieri3"]
[Black "matanant"]
[Result "1-0"]
[WhiteElo "2055"]
[BlackElo "1594"]
[Annotator "RC"]
[PlyCount "55"]
[EventDate "2020.05.12"]
[EventType "swiss (blitz)"]

1. e4 {[%emt 0:00:00]} e5 {[%emt 0:00:03]} 2. Nc3 {[%emt 0:00:00]} d5 {[%emt 0:00:00]} 3. Nf3 {[%emt 0:00:00]} d4 {[%emt 0:00:01]} 4. Ne2 {[%emt 0:00:01]} Bd6 {[%emt 0:00:02]} 5. d3 {[%emt 0:00:00]} Ne7 {[%emt 0:00:02]} 6. g3 {[%emt 0:00:02]} O-O {[%emt 0:00:00]} 7. Bg2 {[%emt 0:00:00]} Bg4 {[%emt 0:00:02]} 8. O-O {[%emt 0:00:01]} Nd7 {[%emt 0:00:03]} 9. h3 {[%emt 0:00:02]} Bxf3 {[%emt 0:00:02]} 10. Bxf3 {[%emt 0:00:01]} f6 {[%emt 0:00:01]} 11. Bg2 {[%emt 0:00:01]} Ng6 {[%emt 0:00:02]} 12. f4 {[%emt 0:00:00]} exf4 {[%emt 0:00:03]} 13. Nxf4 {[%emt 0:00:00]} Nxf4 {[%emt 0:00:02]} 14. Bxf4 {[%emt 0:00:00]} Ne5 {[%emt 0:00:04]} 15. Kh2 {[%emt 0:00:03]} Ng6 {[%emt 0:00:01]} 16. Bxd6 {[%emt 0:00:01]} Qxd6 {[%emt 0:00:01]} 17. Qe2 {[%emt 0:00:03]} Rae8 {[%emt 0:00:00]} 18. Rf2 {[%emt 0:00:02]} f5 {[%emt 0:00:01]} 19. Raf1 {[%emt 0:00:02]} fxe4 {[%emt 0:00:02]} 20. Rxf8+ {[%emt 0:00:01]} Rxf8 {[%emt 0:00:01]} 21. Rxf8+ {[%emt 0:00:02]} Qxf8 {[%emt 0:00:03]} 22. Qxe4 {[%emt 0:00:04]} c6 {[%emt 0:00:05]} 23. Qxd4 {[%emt 0:00:02]} Qe7 {[%emt 0:00:02]} 24. Be4 {[%emt 0:00:02]} Nf8 {[%emt 0:00:04]} 25. Qc4+ {[%emt 0:00:02]} Kh8 {[%emt 0:00:04]} 26. Qd4 {[%emt 0:00:00]} Ne6 {[%emt 0:00:03]} 27. Qxa7 {[%emt 0:00:02] Lazieri3 offers a draw matanant reconnected.} Nc5 {[%emt 0:00:04]} 28. Qb8+ {[%emt 0:00:02] Time (Lag: Av=1.73s, max=15.7s)} 1-0